[Event "Netanya Open 2019"]
[Site "Netanya"]
[Date "2019.06.24"]
[Round "2.9"]
[White "Cohen Revivo, Shoham"]
[Black "Antipov, Mikhail Al."]
[Result "0-1"]
[WhiteElo "2240"]
[BlackElo "2582"]
[Annotator "ChessBase"]
[PlyCount "60"]
[EventDate "2019.06.23"]
[EventType "swiss"]
[EventCountry "ISR"]
[SourceTitle "playchess.com"]
[Source "ChessBase"]
[SourceQuality "1"]
[TimeControl "40/5400+30:1800+30"]

1. e4 {[%emt 0:00:00]} c5 {[%emt 0:00:00]} 2. Nf3 {[%emt 0:00:00]} e6 {[%emt 0:00:00]} 3. d4 {[%emt 0:00:00]} cxd4 {[%emt 0:00:00]} 4. Nxd4 {[%emt 0:00:05]} Nf6 {[%emt 0:00:00]} 5. Nc3 {[%emt 0:00:15]} d6 {[%emt 0:00:09]} 6. f4 {[%emt 0:02:53]} Be7 {[%emt 0:01:41]} 7. Be2 {[%emt 0:00:59]} a6 {[%emt 0:00:31]} 8. Be3 {[%emt 0:01:33]} Qc7 {[%emt 0:00:24]} 9. O-O {[%emt 0:00:18]} O-O {[%emt 0:01:54]} 10. Qd2 {[%emt 0:03:18]} b5 {[%emt 0:03:17]} 11. a3 {[%emt 0:00:09]} Bb7 {[%emt 0:00:54]} 12. Bf3 {[%emt 0:01:06]} Nbd7 {[%emt 0:02:15]} 13. g4 {[%emt 0:02:21]} Nb6 {[%emt 0:03:48]} 14. b3 {[%emt 0:05:53]} Rac8 {[%emt 0:05:33]} 15. Nde2 {[%emt 0:00:13]} d5 {[%emt 0:01:54]} 16. e5 {[%emt 0:00:24]} Ne4 {[%emt 0:00:07]} 17. Bxe4 {[%emt 0:00:35]} dxe4 {[%emt 0:00:05]} 18. Qd4 {[%emt 0:06:23]} Nd7 {[%emt 0:01:47]} 19. Qd2 {[%emt 0:34:05]} Rfd8 {[%emt 0:01:28]} 20. Qe1 {[%emt 0:01:12]} f6 {[%emt 0:15:10]} 21. Qg3 {[%emt 0:01:08]} fxe5 {[%emt 0:00:33]} 22. f5 {[%emt 0:00:14]} exf5 {[%emt 0:00:35]} 23. Rxf5 {[%emt 0:00:56]} Nf8 {[%emt 0:02:15]} 24. Raf1 {[%emt 0:01:01]} Ng6 {[%emt 0:00:13]} 25. g5 {[%emt 0:00:58]} Bxa3 {[%emt 0:03:45]} 26. Rf7 {[%emt 0:05:17]} Rd7 {[%emt 0:01:58]} 27. Rxd7 {[%emt 0:02:26]} Qxd7 {[%emt 0:00:06]} 28. Rd1 {[%emt 0:00:31]} Qe6 {[%emt 0:00:24]} 29. h4 {[%emt 0:00:56]} Rf8 {[%emt 0:00:24]} 30. h5 {[%emt 0:06:01]} Rf3 {[%emt 0:02:24]} 0-1

[Event "Netanya Open 2019"]
[Site "Netanya"]
[Date "2019.06.24"]
[Round "2.10"]
[White "Mikhalevski, Victor"]
[Black "Tifferet, Shaked"]
[Result "1-0"]
[WhiteElo "2579"]
[BlackElo "2249"]
[Annotator "ChessBase"]
[PlyCount "109"]
[EventDate "2019.06.23"]
[EventType "swiss"]
[EventCountry "ISR"]
[SourceTitle "playchess.com"]
[Source "ChessBase"]
[SourceQuality "1"]
[TimeControl "40/5400+30:1800+30"]

1. d4 {[%emt 0:33:11]} Nf6 {[%emt 0:00:00]} 2. Nf3 {[%emt 0:00:14]} d5 {[%emt 0:00:00]} 3. c4 {[%emt 0:00:15]} e6 {[%emt 0:00:04]} 4. g3 {[%emt 0:00:22]} Be7 {[%emt 0:00:07]} 5. Bg2 {[%emt 0:00:09]} O-O {[%emt 0:00:10]} 6. Qc2 {[%emt 0:00:15]} c5 {[%emt 0:00:16]} 7. O-O {[%emt 0:00:59]} cxd4 {[%emt 0:00:16]} 8. Nxd4 {[%emt 0:00:05]} Nc6 {[%emt 0:00:05]} 9. Nxc6 {[%emt 0:00:21]} bxc6 {[%emt 0:00:02]} 10. b3 {[%emt 0:00:48]} Ba6 {[%emt 0:01:01]} 11. Nd2 {[%emt 0:01:52]} Qb6 {[%emt 0:00:42]} 12. Bb2 {[%emt 0:01:14]} Rac8 {[%emt 0:01:24]} 13. Nf3 {[%emt 0:04:22]} Rfd8 {[%emt 0:03:36]} 14. Rac1 {[%emt 0:17:59]} c5 {[%emt 0:04:03]} 15. cxd5 {[%emt 0:03:30]} Nxd5 {[%emt 0:06:25]} 16. Ne5 {[%emt 0:09:34]} Nb4 {[%emt 0:04:02]} 17. Qe4 {[%emt 0:00:10]} Nxa2 {[%emt 0:16:54]} 18. Ra1 {[%emt 0:06:34]} Nb4 {[%emt 0:00:58]} 19. Nxf7 {[%emt 0:03:24]} Kxf7 {[%emt 0:00:48]} 20. Qxh7 {[%emt 0:00:04]} Rg8 {[%emt 0:18:01]} 21. Bf3 {[%emt 0:00:41]} e5 {[%emt 0:11:35]} 22. Bh5+ {[%emt 0:06:23]} Kf8 {[%emt 0:00:33]} 23. Bxe5 {[%emt 0:00:20]} Qe6 {[%emt 0:02:25]} 24. Qe4 {[%emt 0:01:17]} Bf6 {[%emt 0:02:47]} 25. f4 {[%emt 0:02:25]} Rh8 {[%emt 0:04:35]} 26. Bg6 {[%emt 0:03:03]} Qc6 {[%emt 0:02:56]} 27. Rxa6 {[%emt 0:02:21]} Nxa6 {[%emt 0:04:46]} 28. Qc4 {[%emt 0:00:02]} Rc7 {[%emt 0:02:55]} 29. Be4 {[%emt 0:00:38]} Qb6 {[%emt 0:04:42]} 30. Rd1 {[%emt 0:00:03]} Bxe5 {[%emt 0:04:19]} 31. Rd8+ {[%emt 0:00:13]} Ke7 {[%emt 0:00:11]} 32. Rxh8 {[%emt 0:00:05]} Bd4+ {[%emt 0:00:21]} 33. Kf1 {[%emt 0:00:51]} Qf6 {[%emt 0:03:11]} 34. Qg8 {[%emt 0:01:41]} Rd7 {[%emt 0:00:15]} 35. Qe8+ {[%emt 0:01:10]} Kd6 {[%emt 0:00:05]} 36. Qc8 {[%emt 0:00:06]} Nc7 {[%emt 0:00:32]} 37. Rf8 {[%emt 0:00:18]} Qe7 {[%emt 0:01:43]} 38. Bf5 {[%emt 0:00:01]} Bf6 {[%emt 0:01:27]} 39. e4 {[%emt 0:00:50]} Rd8 {[%emt 0:00:45]} 40. e5+ {[%emt 0:00:15]} Kd5 {[%emt 0:00:29]} 41. Qb7+ {[%emt 0:07:34]} Kd4 {[%emt 0:00:49]} 42. Qf3 {[%emt 0:03:37]} c4 {[%emt 0:02:05]} 43. Qe4+ {[%emt 0:00:30]} Kc3 {[%emt 0:07:12]} 44. Qxc4+ {[%emt 0:00:50]} Kb2 {[%emt 0:00:16]} 45. Rf7 {[%emt 0:00:22]} Nd5 {[%emt 0:08:12]} 46. Qc2+ {[%emt 0:01:56]} Ka3 {[%emt 0:00:05]} 47. Qc1+ {[%emt 0:00:02]} Kb4 {[%emt 0:03:46]} 48. Rxe7 {[%emt 0:00:13]} Bxe7 {[%emt 0:00:06]} 49. Qc4+ {[%emt 0:01:05]} Ka3 {[%emt 0:00:26]} 50. Qa4+ {[%emt 0:00:57]} Kb2 {[%emt 0:00:05]} 51. Qxa7 {[%emt 0:00:06]} Bb4 {[%emt 0:01:12]} 52. Qd4+ {[%emt 0:01:15]} Bc3 {[%emt 0:00:37]} 53. Qd3 {[%emt 0:00:06]} Ba5 {[%emt 0:01:13]} 54. Qb1+ {[%emt 0:02:26]} Kc3 {[%emt 0:00:37]} 55. Qa1+ {[%emt 0:00:18]} 1-0

[Event "Netanya Open 2019"]
[Site "Netanya"]
[Date "2019.06.24"]
[Round "2.11"]
[White "Aroesti, Roee"]
[Black "Sivuk, Vitaly"]
[Result "1/2-1/2"]
[WhiteElo "2233"]
[BlackElo "2547"]
[Annotator "ChessBase"]
[PlyCount "80"]
[EventDate "2019.06.23"]
[EventType "swiss"]
[EventCountry "ISR"]
[SourceTitle "playchess.com"]
[Source "ChessBase"]
[SourceQuality "1"]
[TimeControl "40/5400+30:1800+30"]

1. e4 {[%emt 0:00:00]} c5 {[%emt 0:00:00]} 2. Nf3 {[%emt 0:00:06]} d6 {[%emt 0:00:00]} 3. Bb5+ {[%emt 0:00:39]} Nd7 {[%emt 0:00:02]} 4. O-O {[%emt 0:00:21]} a6 {[%emt 0:00:08]} 5. Bd3 {[%emt 0:00:04]} Ngf6 {[%emt 0:00:27]} 6. c3 {[%emt 0:00:09]} g6 {[%emt 0:01:34]} 7. Bc2 {[%emt 0:01:35]} Bg7 {[%emt 0:00:11]} 8. d4 {[%emt 0:01:59]} O-O {[%emt 0:04:34]} 9. h3 {[%emt 0:06:16]} e5 {[%emt 0:04:35]} 10. Be3 {[%emt 0:09:46]} Qc7 {[%emt 0:02:13]} 11. Nbd2 {[%emt 0:12:14]} b5 {[%emt 0:01:47]} 12. a4 {[%emt 0:03:47]} Bb7 {[%emt 0:00:24]} 13. d5 {[%emt 0:06:18]} c4 {[%emt 0:04:10]} 14. Qe2 {[%emt 0:14:10]} Nc5 {[%emt 0:04:59]} 15. Ra3 {[%emt 0:02:45]} Nh5 {[%emt 0:06:18]} 16. Rfa1 {[%emt 0:05:25]} Nf4 {[%emt 0:07:21]} 17. Qf1 {[%emt 0:00:02]} Rab8 {[%emt 0:07:57]} 18. g3 {[%emt 0:04:41]} Nfd3 {[%emt 0:01:53]} 19. axb5 {[%emt 0:00:53]} axb5 {[%emt 0:00:32]} 20. b4 {[%emt 0:01:35]} Nxe4 {[%emt 0:05:18]} 21. Nxe4 {[%emt 0:00:10]} Bxd5 {[%emt 0:00:08]} 22. Ra7 {[%emt 0:06:49]} Rb7 {[%emt 0:01:18]} 23. Bxd3 {[%emt 0:00:25]} cxd3 {[%emt 0:00:07]} 24. Qxd3 {[%emt 0:00:35]} Rxa7 {[%emt 0:00:57]} 25. Rxa7 {[%emt 0:00:28]} Qc6 {[%emt 0:00:07]} 26. Nfd2 {[%emt 0:02:39]} f5 {[%emt 0:02:50]} 27. Nxd6 {[%emt 0:05:29]} Qxd6 {[%emt 0:09:03]} 28. Bc5 {[%emt 0:00:01]} Qc6 {[%emt 0:00:21]} 29. Bxf8 {[%emt 0:01:23]} Bxf8 {[%emt 0:01:10]} 30. Ra5 {[%emt 0:04:21]} Bf7 {[%emt 0:03:42]} 31. Rxb5 {[%emt 0:02:23]} e4 {[%emt 0:00:16]} 32. Qe2 {[%emt 0:00:02]} Qxc3 {[%emt 0:00:11]} 33. Rb8 {[%emt 0:00:34]} Kg7 {[%emt 0:00:15]} 34. Rb7 {[%emt 0:03:27]} Kg8 {[%emt 0:01:10]} 35. Rb8 {[%emt 0:00:23]} Kg7 {[%emt 0:00:05]} 36. Rb7 {[%emt 0:02:59]} Kg8 {[%emt 0:00:12]} 37. Qe3 {[%emt 0:01:51]} Bxb4 {[%emt 0:01:25]} 38. Qh6 {[%emt 0:01:35]} Bf8 {[%emt 0:05:38]} 39. Rb8 {[%emt 0:00:19]} Qg7 {[%emt 0:01:09]} 40. Qxg7+ {[%emt 0:00:31]} Kxg7 {[%emt 0:00:02]} 1/2-1/2

[Event "Netanya Open 2019"]
[Site "Netanya"]
[Date "2019.06.24"]
[Round "2.12"]
[White "Rozentalis, Eduardas"]
[Black "Alexikov, Alexander"]
[Result "1/2-1/2"]
[WhiteElo "2540"]
[BlackElo "2234"]
[Annotator "ChessBase"]
[PlyCount "103"]
[EventDate "2019.06.23"]
[EventType "swiss"]
[EventCountry "ISR"]
[SourceTitle "playchess.com"]
[Source "ChessBase"]
[SourceQuality "1"]
[TimeControl "40/5400+30:1800+30"]

1. e4 {[%emt 0:00:00]} g6 {[%emt 0:00:00]} 2. d4 {[%emt 0:00:00]} Bg7 {[%emt 0:00:00]} 3. Nf3 {[%emt 0:00:45]} d6 {[%emt 0:01:04]} 4. Nc3 {[%emt 0:00:24]} Nf6 {[%emt 0:00:49]} 5. Be2 {[%emt 0:00:16]} O-O {[%emt 0:00:47]} 6. O-O {[%emt 0:00:09]} a6 {[%emt 0:09:16]} 7. a4 {[%emt 0:01:34]} Nc6 {[%emt 0:00:12]} 8. h3 {[%emt 0:03:58]} d5 {[%emt 0:03:56]} 9. exd5 {[%emt 0:09:24]} Nb4 {[%emt 0:00:54]} 10. Bc4 {[%emt 0:01:47]} Nbxd5 {[%emt 0:25:44]} 11. Nxd5 {[%emt 0:03:57]} Nxd5 {[%emt 0:02:10]} 12. a5 {[%emt 0:00:14]} b5 {[%emt 0:10:13]} 13. axb6 {[%emt 0:01:11]} Nxb6 {[%emt 0:00:09]} 14. Bb3 {[%emt 0:01:27]} Bb7 {[%emt 0:01:01]} 15. c3 {[%emt 0:00:11]} a5 {[%emt 0:00:37]} 16. Re1 {[%emt 0:01:29]} e6 {[%emt 0:04:57]} 17. Bc2 {[%emt 0:08:56]} Qc8 {[%emt 0:12:51]} 18. Qe2 {[%emt 0:37:28]} c5 {[%emt 0:06:27]} 19. Qb5 {[%emt 0:02:20]} Nd7 {[%emt 0:02:34]} 20. Ne5 {[%emt 0:06:16]} Nxe5 {[%emt 0:03:46]} 21. dxe5 {[%emt 0:00:08]} Qc7 {[%emt 0:00:03]} 22. Qe2 {[%emt 0:01:18]} c4 {[%emt 0:02:37]} 23. h4 {[%emt 0:02:39]} Bd5 {[%emt 0:06:15]} 24. h5 {[%emt 0:01:15]} Rfb8 {[%emt 0:00:15]} 25. Ra2 {[%emt 0:03:56]} Rb5 {[%emt 0:00:34]} 26. Ba4 {[%emt 0:01:00]} Rbb8 {[%emt 0:00:18]} 27. Bf4 {[%emt 0:01:01]} Rb7 {[%emt 0:02:04]} 28. Qe3 {[%emt 0:02:16]} Rab8 {[%emt 0:00:28]} 29. Re2 {[%emt 0:00:29]} Rb6 {[%emt 0:02:48]} 30. Bh6 {[%emt 0:01:27]} Bh8 {[%emt 0:00:54]} 31. Qg3 {[%emt 0:00:18]} Qe7 {[%emt 0:00:57]} 32. Bg5 {[%emt 0:01:16]} Qc7 {[%emt 0:00:01]} 33. Qf4 {[%emt 0:00:39]} Bg7 {[%emt 0:00:32]} 34. Bf6 {[%emt 0:00:35]} Bxf6 {[%emt 0:00:36]} 35. Qxf6 {[%emt 0:00:07]} Qd8 {[%emt 0:00:04]} 36. Qf4 {[%emt 0:00:38]} Qe7 {[%emt 0:00:49]} 37. Rd2 {[%emt 0:01:20]} g5 {[%emt 0:00:45]} 38. Qe3 {[%emt 0:00:50]} h6 {[%emt 0:00:42]} 39. Bd1 {[%emt 0:00:20]} Rb5 {[%emt 0:00:06]} 40. Be2 {[%emt 0:01:24]} Kg7 {[%emt 0:00:25]} 41. Qd4 {[%emt 0:32:27]} Qc5 {[%emt 0:30:59]} 42. Qg4 {[%emt 0:01:16]} R8b7 {[%emt 0:00:35]} 43. Bd1 {[%emt 0:00:00]} Rb8 {[%emt 0:00:00]} 44. Qg3 {[%emt 0:00:00]} Be4 {[%emt 0:00:00]} 45. Ba4 {[%emt 0:00:00]} R5b7 {[%emt 0:00:00]} 46. Kh2 {[%emt 0:00:00]} Bb1 {[%emt 0:00:00]} 47. Ra1 {[%emt 0:00:00]} Rxb2 {[%emt 0:00:00]} 48. Rd4 {[%emt 0:00:00]} Bf5 {[%emt 0:00:00]} 49. f4 {[%emt 0:00:00]} R2b3 {[%emt 0:01:56]} 50. Rad1 {[%emt 0:00:00]} g4 {[%emt 0:00:31]} 51. Qh4 {[%emt 0:00:00]} Kh7 {[%emt 0:00:29]} 52. Bxb3 {[%emt 0:05:04]} 1/2-1/2

[Event "Netanya Open 2019"]
[Site "Netanya"]
[Date "2019.06.24"]
[Round "2.13"]
[White "Bilych, Olexiy"]
[Black "Kogan, Arthur"]
[Result "0-1"]
[WhiteElo "2203"]
[BlackElo "2535"]
[Annotator "ChessBase"]
[PlyCount "98"]
[EventDate "2019.06.23"]
[EventType "swiss"]
[EventCountry "ISR"]
[SourceTitle "playchess.com"]
[Source "ChessBase"]
[SourceQuality "1"]
[TimeControl "40/5400+30:1800+30"]

1. e4 {[%emt 0:00:00]} c5 {[%emt 0:00:00]} 2. Nf3 {[%emt 0:00:00]} e6 {[%emt 0:01:11]} 3. d4 {[%emt 0:00:00]} cxd4 {[%emt 0:00:03]} 4. Nxd4 {[%emt 0:00:00]} Nc6 {[%emt 0:00:36]} 5. Nc3 {[%emt 0:00:00]} a6 {[%emt 0:00:45]} 6. g3 {[%emt 0:00:43]} h5 {[%emt 0:01:58]} 7. Bg2 {[%emt 0:00:35]} h4 {[%emt 0:00:58]} 8. O-O {[%emt 0:00:10]} hxg3 {[%emt 0:03:41]} 9. hxg3 {[%emt 0:00:05]} Nge7 {[%emt 0:04:50]} 10. Re1 {[%emt 0:16:11]} Nxd4 {[%emt 0:08:34]} 11. Qxd4 {[%emt 0:00:05]} Nc6 {[%emt 0:00:06]} 12. Qd1 {[%emt 0:01:11]} d6 {[%emt 0:01:49]} 13. Be3 {[%emt 0:02:05]} Ne5 {[%emt 0:05:56]} 14. b3 {[%emt 0:08:51]} Bd7 {[%emt 0:10:31]} 15. f4 {[%emt 0:10:22]} Ng6 {[%emt 0:03:51]} 16. Ne2 {[%emt 0:02:07]} b5 {[%emt 0:02:57]} 17. c4 {[%emt 0:09:25]} bxc4 {[%emt 0:01:48]} 18. bxc4 {[%emt 0:00:07]} Rc8 {[%emt 0:05:27]} 19. Qd3 {[%emt 0:02:57]} Be7 {[%emt 0:04:11]} 20. Rad1 {[%emt 0:00:53]} Ba4 {[%emt 0:03:05]} 21. Rd2 {[%emt 0:04:47]} Qa5 {[%emt 0:02:44]} 22. Rb1 {[%emt 0:03:34]} Nf8 {[%emt 0:08:30]} 23. Bb6 {[%emt 0:08:10]} Qh5 {[%emt 0:01:10]} 24. c5 {[%emt 0:00:10]} Nd7 {[%emt 0:10:54]} 25. Qxa6 {[%emt 0:04:02]} Nxb6 {[%emt 0:01:49]} 26. cxb6 {[%emt 0:00:12]} Bd7 {[%emt 0:00:49]} 27. b7 {[%emt 0:02:58]} Rb8 {[%emt 0:00:20]} 28. Rc2 {[%emt 0:00:13]} O-O {[%emt 0:01:04]} 29. Rc7 {[%emt 0:00:58]} Rfd8 {[%emt 0:00:26]} 30. Kf2 {[%emt 0:01:59]} f5 {[%emt 0:05:05]} 31. e5 {[%emt 0:00:42]} dxe5 {[%emt 0:00:35]} 32. Rd1 {[%emt 0:01:36]} Qf7 {[%emt 0:02:28]} 33. Kf1 {[%emt 0:02:01]} Bb5 {[%emt 0:02:11]} 34. Rxd8+ {[%emt 0:04:03]} Bxd8 {[%emt 0:00:41]} 35. Qxb5 {[%emt 0:01:33]} Bxc7 {[%emt 0:00:07]} 36. fxe5 {[%emt 0:00:08]} Rd8 {[%emt 0:02:03]} 37. Bc6 {[%emt 0:04:04]} Bb8 {[%emt 0:01:56]} 38. Ke1 {[%emt 0:01:47]} Qe7 {[%emt 0:01:24]} 39. a4 {[%emt 0:02:07]} Ba7 {[%emt 0:02:05]} 40. Qa5 {[%emt 0:01:58]} Be3 {[%emt 0:01:22]} 41. Qb5 {[%emt 0:30:34]} Ba7 {[%emt 0:05:48]} 42. Qa5 {[%emt 0:00:00]} Bb8 {[%emt 0:02:54]} 43. Qc3 {[%emt 0:00:00]} g5 {[%emt 0:04:27]} 44. a5 {[%emt 0:00:00]} Ba7 {[%emt 0:04:41]} 45. a6 {[%emt 0:00:00]} Qc7 {[%emt 0:02:10]} 46. Qc1 {[%emt 0:00:00]} f4 {[%emt 0:01:15]} 47. Qc2 {[%emt 0:00:00]} Kg7 {[%emt 0:01:32]} 48. Kf1 {[%emt 0:00:00]} Qb6 {[%emt 0:02:07]} 49. Kg2 {[%emt 0:00:00]} g4 {[%emt 0:01:33]} 0-1

[Event "Netanya Open 2019"]
[Site "Netanya"]
[Date "2019.06.24"]
[Round "2.14"]
[White "Svetushkin, Dmitry"]
[Black "Lukin, Elisha"]
[Result "1-0"]
[WhiteElo "2532"]
[BlackElo "2196"]
[Annotator "ChessBase"]
[PlyCount "76"]
[EventDate "2019.06.23"]
[EventType "swiss"]
[EventCountry "ISR"]
[SourceTitle "playchess.com"]
[Source "ChessBase"]
[SourceQuality "1"]
[TimeControl "40/5400+30:1800+30"]

1. e4 {[%emt 0:00:00]} e6 {[%emt 0:00:00]} 2. d4 {[%emt 0:00:01]} d5 {[%emt 0:00:00]} 3. Nc3 {[%emt 0:00:06]} Bb4 {[%emt 0:00:00]} 4. e5 {[%emt 0:00:06]} c5 {[%emt 0:00:00]} 5. a3 {[%emt 0:00:17]} Bxc3+ {[%emt 0:00:00]} 6. bxc3 {[%emt 0:00:05]} Ne7 {[%emt 0:00:05]} 7. Nf3 {[%emt 0:00:33]} Bd7 {[%emt 0:00:05]} 8. a4 {[%emt 0:02:06]} Nbc6 {[%emt 0:00:29]} 9. Ba3 {[%emt 0:06:06]} cxd4 {[%emt 0:01:06]} 10. cxd4 {[%emt 0:00:22]} Qa5+ {[%emt 0:00:24]} 11. Qd2 {[%emt 0:00:43]} Qxd2+ {[%emt 0:01:24]} 12. Kxd2 {[%emt 0:00:09]} Nf5 {[%emt 0:03:00]} 13. Bb2 {[%emt 0:11:50]} Na5 {[%emt 0:02:51]} 14. Bd3 {[%emt 0:01:11]} Nc4+ {[%emt 0:01:07]} 15. Bxc4 {[%emt 0:02:28]} dxc4 {[%emt 0:00:09]} 16. Kc3 {[%emt 0:00:05]} Rc8 {[%emt 0:01:54]} 17. Ba3 {[%emt 0:00:35]} Bc6 {[%emt 0:52:45]} 18. a5 {[%emt 0:03:09]} h5 {[%emt 0:07:17]} 19. Rhg1 {[%emt 0:01:45]} h4 {[%emt 0:05:09]} 20. Nd2 {[%emt 0:03:12]} h3 {[%emt 0:05:02]} 21. g3 {[%emt 0:01:08]} b5 {[%emt 0:01:18]} 22. axb6 {[%emt 0:01:50]} axb6 {[%emt 0:01:12]} 23. Rgb1 {[%emt 0:02:59]} b5 {[%emt 0:00:24]} 24. Bc5 {[%emt 0:00:36]} Kd7 {[%emt 0:04:28]} 25. Ra7+ {[%emt 0:00:20]} Rc7 {[%emt 0:00:21]} 26. Rba1 {[%emt 0:00:17]} Rhc8 {[%emt 0:03:43]} 27. R7a3 {[%emt 0:01:38]} Nh6 {[%emt 0:01:14]} 28. f3 {[%emt 0:04:02]} Nf5 {[%emt 0:00:03]} 29. Kb4 {[%emt 0:00:05]} Bd5 {[%emt 0:03:29]} 30. Ne4 {[%emt 0:00:48]} Bxe4 {[%emt 0:03:51]} 31. fxe4 {[%emt 0:01:12]} Nh6 {[%emt 0:00:40]} 32. Rf1 {[%emt 0:08:25]} Ke8 {[%emt 0:00:01]} 33. g4 {[%emt 0:01:58]} Nxg4 {[%emt 0:00:40]} 34. Bd6 {[%emt 0:01:39]} Rc6 {[%emt 0:02:17]} 35. Rg3 {[%emt 0:00:33]} Rxd6 {[%emt 0:00:26]} 36. exd6 {[%emt 0:00:18]} Nf6 {[%emt 0:00:01]} 37. Rxg7 {[%emt 0:01:46]} Kf8 {[%emt 0:00:06]} 38. Rxf7+ {[%emt 0:00:22]} Kxf7 {[%emt 0:00:03]} 1-0

[Event "Netanya Open 2019"]
[Site "Netanya"]
[Date "2019.06.24"]
[Round "2.15"]
[White "Parligras, Cosmin"]
[Black "Baron, Tal"]
[Result "1/2-1/2"]
[WhiteElo "2198"]
[BlackElo "2524"]
[Annotator "ChessBase"]
[PlyCount "107"]
[EventDate "2019.06.23"]
[EventType "swiss"]
[EventCountry "ISR"]
[SourceTitle "playchess.com"]
[Source "ChessBase"]
[SourceQuality "1"]
[TimeControl "40/5400+30:1800+30"]

1. c4 {[%emt 0:00:00]} e5 {[%emt 0:42:57]} 2. Nc3 {[%emt 0:00:55]} Nc6 {[%emt 0:00:39]} 3. g3 {[%emt 0:00:27]} Bc5 {[%emt 0:00:02]} 4. Bg2 {[%emt 0:02:08]} a6 {[%emt 0:00:13]} 5. e3 {[%emt 0:03:05]} d6 {[%emt 0:00:24]} 6. Nge2 {[%emt 0:00:35]} Ba7 {[%emt 0:00:02]} 7. d4 {[%emt 0:00:58]} h5 {[%emt 0:02:54]} 8. h3 {[%emt 0:05:07]} f5 {[%emt 0:04:18]} 9. Bxc6+ {[%emt 0:02:23]} bxc6 {[%emt 0:00:06]} 10. dxe5 {[%emt 0:00:08]} dxe5 {[%emt 0:00:44]} 11. Qxd8+ {[%emt 0:00:08]} Kxd8 {[%emt 0:00:04]} 12. Na4 {[%emt 0:08:29]} c5 {[%emt 0:10:30]} 13. Nec3 {[%emt 0:06:44]} Bb7 {[%emt 0:01:47]} 14. e4 {[%emt 0:05:36]} Nf6 {[%emt 0:01:44]} 15. Bg5 {[%emt 0:01:07]} Ke8 {[%emt 0:02:24]} 16. Bxf6 {[%emt 0:10:22]} gxf6 {[%emt 0:00:02]} 17. Nd5 {[%emt 0:00:33]} Rd8 {[%emt 0:03:37]} 18. f3 {[%emt 0:04:25]} Kf7 {[%emt 0:01:13]} 19. Rd1 {[%emt 0:02:12]} c6 {[%emt 0:04:53]} 20. Ndc3 {[%emt 0:01:38]} Rd4 {[%emt 0:01:29]} 21. exf5 {[%emt 0:06:08]} Bc8 {[%emt 0:00:06]} 22. g4 {[%emt 0:00:46]} hxg4 {[%emt 0:02:27]} 23. fxg4 {[%emt 0:00:07]} Rxc4 {[%emt 0:00:13]} 24. Rd6 {[%emt 0:04:12]} Bb8 {[%emt 0:02:01]} 25. Rd2 {[%emt 0:00:31]} Rxg4 {[%emt 0:01:21]} 26. hxg4 {[%emt 0:00:06]} Rxh1+ {[%emt 0:00:04]} 27. Kf2 {[%emt 0:01:32]} Rh2+ {[%emt 0:00:32]} 28. Ke3 {[%emt 0:00:29]} Rh3+ {[%emt 0:00:13]} 29. Kf2 {[%emt 0:00:06]} Rh2+ {[%emt 0:01:53]} 30. Ke3 {[%emt 0:00:07]} Rh3+ {[%emt 0:00:01]} 31. Kf2 {[%emt 0:00:08]} Ke7 {[%emt 0:00:25]} 32. Kg2 {[%emt 0:01:02]} Rh4 {[%emt 0:00:21]} 33. Kg3 {[%emt 0:00:10]} Rh8 {[%emt 0:01:06]} 34. Ne4 {[%emt 0:00:41]} c4 {[%emt 0:00:19]} 35. Nb6 {[%emt 0:03:58]} Bc7 {[%emt 0:03:07]} 36. Nxc4 {[%emt 0:01:46]} Rg8 {[%emt 0:01:21]} 37. Ncd6 {[%emt 0:05:30]} Bd7 {[%emt 0:00:42]} 38. Nxf6 {[%emt 0:02:36]} Rh8 {[%emt 0:08:26]} 39. Nfe4 {[%emt 0:02:29]} Rh1 {[%emt 0:00:59]} 40. g5 {[%emt 0:08:34]} Rg1+ {[%emt 0:00:26]} 41. Kh2 {[%emt 0:31:45]} Rg4 {[%emt 0:31:28]} 42. f6+ {[%emt 0:05:26]} Kf8 {[%emt 0:00:08]} 43. Nc5 {[%emt 0:02:59]} Rh4+ {[%emt 0:00:19]} 44. Kg3 {[%emt 0:00:40]} Rh3+ {[%emt 0:00:02]} 45. Kg2 {[%emt 0:00:26]} Bg4 {[%emt 0:00:02]} 46. g6 {[%emt 0:00:00]} Rh6 {[%emt 0:00:00]} 47. g7+ {[%emt 0:00:00]} Kg8 {[%emt 0:00:00]} 48. Nce4 {[%emt 0:00:00]} Bh3+ {[%emt 0:00:00]} 49. Kg3 {[%emt 0:00:00]} Be6 {[%emt 0:00:00]} 50. b4 {[%emt 0:00:00]} Rg6+ {[%emt 0:00:00]} 51. Kh2 {[%emt 0:00:00]} Rh6+ {[%emt 0:00:00]} 52. Kg3 {[%emt 0:00:00]} Rg6+ {[%emt 0:00:00]} 53. Kh2 {[%emt 0:00:00]} Rh6+ {[%emt 0:00:00]} 54. Kg3 {[%emt 0:00:00]} 1/2-1/2

[Event "Netanya Open 2019"]
[Site "Netanya"]
[Date "2019.06.24"]
[Round "2.16"]
[White "Rechlis, Gad"]
[Black "Musyuk, Lior"]
[Result "0-1"]
[WhiteElo "2506"]
[BlackElo "2190"]
[Annotator "ChessBase"]
[PlyCount "60"]
[EventDate "2019.06.23"]
[EventType "swiss"]
[EventCountry "ISR"]
[SourceTitle "playchess.com"]
[Source "ChessBase"]
[SourceQuality "1"]
[TimeControl "40/5400+30:1800+30"]

1. Nf3 {[%emt 0:12:39]} c5 {[%emt 0:00:00]} 2. g3 {[%emt 0:00:43]} Nc6 {[%emt 0:00:00]} 3. Bg2 {[%emt 0:00:44]} e5 {[%emt 0:00:03]} 4. O-O {[%emt 0:01:49]} g6 {[%emt 0:00:45]} 5. d4 {[%emt 0:05:58]} cxd4 {[%emt 0:08:03]} 6. e3 {[%emt 0:14:07]} dxe3 {[%emt 0:07:06]} 7. Bxe3 {[%emt 0:00:02]} Bg7 {[%emt 0:05:03]} 8. Re1 {[%emt 0:24:56]} Nge7 {[%emt 0:05:35]} 9. Bc5 {[%emt 0:00:40]} d5 {[%emt 0:02:41]} 10. c4 {[%emt 0:18:34]} d4 {[%emt 0:08:43]} 11. Nxe5 {[%emt 0:01:45]} Nxe5 {[%emt 0:04:04]} 12. f4 {[%emt 0:00:21]} Bg4 {[%emt 0:03:43]} 13. Qa4+ {[%emt 0:00:39]} Bd7 {[%emt 0:03:27]} 14. Qb3 {[%emt 0:13:07]} Rc8 {[%emt 0:04:10]} 15. Bd6 {[%emt 0:00:01]} Be6 {[%emt 0:01:08]} 16. Bxe5 {[%emt 0:00:18]} Bxe5 {[%emt 0:03:17]} 17. Rxe5 {[%emt 0:00:01]} Rxc4 {[%emt 0:01:19]} 18. Qb5+ {[%emt 0:01:13]} Qd7 {[%emt 0:02:58]} 19. Na3 {[%emt 0:00:33]} Rc7 {[%emt 0:01:36]} 20. Rd1 {[%emt 0:00:48]} O-O {[%emt 0:01:16]} 21. b3 {[%emt 0:00:11]} a6 {[%emt 0:01:33]} 22. Qb6 {[%emt 0:00:58]} d3 {[%emt 0:06:09]} 23. Qe3 {[%emt 0:00:30]} Rd8 {[%emt 0:01:27]} 24. Bf1 {[%emt 0:00:39]} d2 {[%emt 0:04:44]} 25. Nb1 {[%emt 0:00:01]} Rc2 {[%emt 0:02:07]} 26. Qf2 {[%emt 0:00:41]} Rxa2 {[%emt 0:06:23]} 27. Re3 {[%emt 0:00:20]} Qd4 {[%emt 0:02:26]} 28. Nc3 {[%emt 0:00:15]} Rc2 {[%emt 0:01:47]} 29. Ne2 {[%emt 0:00:58]} Qc5 {[%emt 0:01:20]} 30. Bg2 {[%emt 0:00:40]} Rc1 {[%emt 0:00:41]} 0-1